| 000 | 00789nam a2200253 a 4500 | ||
|---|---|---|---|
| 001 | 73930 | ||
| 003 | BD-RjUL | ||
| 005 | 20211209082449.0 | ||
| 008 | 170525s1972 enka 001 0 eng d | ||
| 035 | _a(BD-RjUL)74148 | ||
| 040 |
_aDLC/ICU _cICU _dDLC _dBD-RjUL _beng |
||
| 041 | _aeng | ||
| 082 | 0 | 0 |
_a541 _223 _bGLE 1961 |
| 100 | 1 |
_aGlasstone, Samuel, _d1897-1986. _9116690 |
|
| 245 | 1 | 0 |
_aElements of physical chemistry / _cby Samuel Glasstone and David Lewis. |
| 250 | _aRev. ed. | ||
| 260 |
_aLondon : _bMacmillan and co., _c1960 [Reprinted 1961] |
||
| 300 |
_av, 758 [3] p. : _bill. ; _c24 cm. |
||
| 500 | _aIncludes Index | ||
| 650 | 0 |
_aChemistry, Physical _9204732 |
|
| 700 | 1 |
_aLewis, David, _d1903-1975, _ejoint author. _9204733 |
|
| 942 |
_2ddc _cBK |
||
| 999 |
_c73930 _d73930 |
||